Demografia podnikov

Uložené v:
Podrobná bibliografia
Hlavný autor: Sodomová, Eva
Médium: Kapitola
Jazyk:Slovak
Predmet:
Tagy: Pridať tag
Žiadne tagy, Buďte prvý, kto otaguje tento záznam!

MARC

LEADER 00000naa$a2200000$$$4500
001 0108663
005 20240502072211.2
041 0 |a slo 
044 |a SK 
245 1 0 |a Demografia podnikov  |c Eva Sodomová 
500 |a Abstrakt 
610 2 0 |a podnik 
610 2 0 |a založenie podniku 
610 2 0 |a demografia 
610 2 0 |a legislatíva 
610 2 0 |a štatistika 
100 1 |a Sodomová, Eva